000 00274nam a22001097a 4500
999 _c263216
_d263215
020 _a 0688071562
100 _a Henkes, Kevin.
245 _a Sheila Rae, the brave
260 _a New York :
_b Greenwillow Books,
_c1987.
300 _a [32] p. : |
_b col. ill. ;
942 _cBK